| 000 | 00678 a2200229 4500 | ||
|---|---|---|---|
| 005 | 20260218123212.0 | ||
| 008 | 260218b |||||||| |||| 00| 0 eng d | ||
| 020 |
_a9781009379212 _cRs. 895.00 |
||
| 040 | _aMAIN | ||
| 082 |
_a344.5046 _bN194E |
||
| 100 | _aNath, Raghuveer | ||
| 110 | _aNath, Raghuveer | ||
| 245 | _aEvolution of environmental jurisprudence in India: The national green tribunal | ||
| 250 | _a | ||
| 260 |
_bCambridge University Press _c2024 _aNew York |
||
| 300 | _axviii, 428 | ||
| 650 | _aEnvironmental Law- India | ||
| 650 | _aJudicial Review- India | ||
| 650 | _aEnvironmental Protection- Law | ||
| 700 | _aRosencranz, Armin | ||
| 942 | _cBK | ||
| 999 |
_c396093 _d396093 |
||